Tratado de las pruebas / (Registro nro. 163487)

Detalles MARC
000 -LEADER
campo de control de longitud fija 00978nam a2200229 i 4500
001 - NÚMERO DE CONTROL
campo de control 163487
003 - IDENTIFICADOR DE NÚMERO DE CONTROL
campo de control ES-MaACL
005 - FECHA Y HORA DE LA ÚLTIMA TRANSACCIÓN
campo de control 20250914145940.0
008 - DATOS DE LONGITUD FIJA--INFORMACIÓN GENERAL
campo de control de longitud fija 990525q1894 sp |||| | spa d
100 1# - ENTRADA PRINCIPAL--NOMBRE DE PERSONA
Nombre de persona Ricci, Francisco.
9 (RLIN) 131791
245 10 - MENCIÓN DEL TÍTULO
Título Tratado de las pruebas /
Mención de responsabilidad, etc. por Francisco Ricci ; traducción aumentada con notas y apéndices relativos a la legislación y a la jurisprudencia españolas y con un prólogo por Adolfo Buylla y Adolfo Posada.
260 ## - PUBLICACIÓN, DISTRIBUCIÓN, ETC.
Lugar de publicación, distribución, etc. Madrid :
Nombre del editor, distribuidor, etc. La España Moderna,
Fecha de publicación, distribución, etc. [1894]
300 ## - DESCRIPCIÓN FÍSICA
Extensión 2 v. (496, 520 p.) ;
Dimensiones 23 cm.
490 1# - MENCIÓN DE SERIE
Mención de serie Biblioteca de jurisprudencia, filosofía e historia
650 #4 - PUNTO DE ACCESO ADICIONAL DE MATERIA--TÉRMINO DE MATERIA
Término de materia o nombre geográfico como elemento de entrada Pruebas (Derecho)
9 (RLIN) 16527
650 ## - PUNTO DE ACCESO ADICIONAL DE MATERIA--TÉRMINO DE MATERIA
Término de materia o nombre geográfico como elemento de entrada Procesos.
9 (RLIN) 16437
700 1# - ENTRADA AGREGADA--NOMBRE PERSONAL
Nombre de persona Buylla y González Alegre, Adolfo A.,
Fechas asociadas al nombre 1850-1927
9 (RLIN) 32991
700 1# - ENTRADA AGREGADA--NOMBRE PERSONAL
Nombre de persona Posada, Adolfo,
Fechas asociadas al nombre 1860-1944
9 (RLIN) 93316
830 00 - PUNTO DE ACCESO ADICIONAL DE SERIE-TÍTULO UNIFORME
Título uniforme Biblioteca de jurisprudencia, filosofía e historia
9 (RLIN) 180691
852 ## - LOCALIZACIÓN
Ubicación ES-MaACL
Número de control de estantería B-12253-54
Nota libre - Enc. hol.
Existencias
Estatus retirado Estado de pérdida Estado de daño No para préstamo Colección Biblioteca de origen Biblioteca actual Ubicación en estantería Fecha de adquisición Total de préstamos Signatura topográfica completa Código de barras Visto por última vez Precio de reemplazo Tipo de ítem Koha
        Libros del s. XIX Biblioteca del Ateneo de Madrid Biblioteca del Ateneo de Madrid Sala Pardo Bazán 17/01/2008   B-12253-54 1171318 23/02/2023 23/02/2023 Libro impreso antiguo